|
|
|
|
| LEADER |
00000nac a2200000 a 4500 |
| 003 |
Ucuenca |
| 005 |
20230308225717.0 |
| 008 |
000000|1967 sp |||||r|||||||||||spa|| |
| 040 |
|
|
|b spa
|
| 041 |
0 |
|
|a spa
|
| 082 |
0 |
|
|a 721
|
| 100 |
1 |
|
|9 33576
|a Ulsamer Puiggari, Federico
|
| 245 |
|
|
|a Cómo se proyecta una vivienda
|c Federico Ulsamer Puiggari
|h imp
|
| 250 |
|
|
|a 10a ed.
|
| 264 |
|
|
|a Barcelona
|b Ediciones CEAC
|c 1967
|
| 300 |
|
|
|a 198 páginas:
|b ilu
|c 22 cm
|
| 490 |
|
|
|a Monografias CEAC sobre Construcción y Arquitectura
|n no. 23
|
| 504 |
|
|
|a incl. ref.
|
| 650 |
|
0 |
|a Vivienda unifamiliar
|9 33163
|
| 650 |
|
0 |
|a Vivienda plurifamiliar
|9 34358
|
| 852 |
|
|
|a UC-CDJBV
|f Compra
|l 1
|m General
|p 00000000
|q 3.00
|r 2
|t 71411
|b 0
|d CDRC
|e CDRC
|g 721 ESTANTERIA CERRADA
|z 0000-00-00
|
| 852 |
|
|
|a UC-CDJBV
|f Compra
|l 2
|m General
|p 00000000
|q 3.00
|r 2
|t si11049
|b 0
|d CDRC
|e CDRC
|g 721 ESTANTERIA CERRADA
|z 0000-00-00
|
| 942 |
|
|
|c CR
|2 ddc
|z lucia.mora@ucuenca.edu.ec
|
| 999 |
|
|
|c 153718
|d 153718
|